Estudios acerca del derecho de la salud II (Registro nro. 3929)
[ vista simple ]
| 000 -LEADER | |
|---|---|
| fixed length control field | 01162 a2200229 4500 |
| 001 - CONTROL NUMBER | |
| control field | 45449 |
| 005 - DATE AND TIME OF LATEST TRANSACTION | |
| control field | 20260407155727.0 |
| 008 - FIXED-LENGTH DATA ELEMENTS--GENERAL INFORMATION | |
| fixed length control field | 260407a2017 arg spa d |
| 003 - CONTROL NUMBER IDENTIFIER | |
| control field | AR-UNSa-BCEJYS |
| 040 ## - CATALOGING SOURCE | |
| Original cataloging agency | AR-UNSa-BCEJYS |
| Language of cataloging | spa |
| Transcribing agency | AR-UNSa-BCEJYS |
| 080 ## - UNIVERSAL DECIMAL CLASSIFICATION NUMBER | |
| Universal Decimal Classification number | 342.7 |
| Common auxiliary subdivision | Derechos fundamentales. Derechos humanos. Derechos y deberes de los ciudadanos (Derecho a la Salud, vivienda) |
| 020 ## - INTERNATIONAL STANDARD BOOK NUMBER | |
| International Standard Book Number | 978-987-03-3400-2 |
| 041 ## - LANGUAGE CODE | |
| Language code of text/sound track or separate title | spa |
| 100 1# - MAIN ENTRY--PERSONAL NAME | |
| Personal name | Aizenberg, Marisa S. |
| 245 10 - TITLE STATEMENT | |
| Title | Estudios acerca del derecho de la salud II |
| 264 #1 - PRODUCTION, PUBLICATION, DISTRIBUTION, MANUFACTURE, AND COPYRIGHT NOTICE | |
| Place of production, publication, distribution, manufacture | Buenos Aires : |
| Name of producer, publisher, distributor, manufacturer | Universidad de Buenos Aires. Facultad de Derecho. Departamento de Publicaciones |
| Date of production, publication, distribution, manufacture, or copyright notice | 2017 |
| 300 ## - PHYSICAL DESCRIPTION | |
| Extent | xxxvi, 462 p. |
| Dimensions | 24 cm. |
| 505 ## - FORMATTED CONTENTS NOTE | |
| Formatted contents note | 1. Conceptos fundamentales del derecho de la salud - 2. Los derechos del paciente y la atención sanitaria - 3. Bioética, bioderecho e investigación en seres humanos - 4. Judicialización y conflictología sanitaria - 5. La salud y sus determinantes - 6. Los desafíos del derecho de la salud. |
| 590 ## - LOCAL NOTE (RLIN) | |
| Local note | niveau_biblio:m niveau_hierar:0 |
| 856 41 - ELECTRONIC LOCATION AND ACCESS | |
| Uniform Resource Identifier | <a href="https://www.biblioeco.unsa.edu.ar/pmb/images/libros/L127108.jpg">https://www.biblioeco.unsa.edu.ar/pmb/images/libros/L127108.jpg</a> |
| Link text | Imagen de portada |
| Electronic format type | image/jpeg |
| 942 ## - ADDED ENTRY ELEMENTS (KOHA) | |
| Koha item type | |
| Withdrawn status | Lost status | Damaged status | Not for loan | Home library | Current library | Shelving location | Date acquired | Total checkouts | Full call number | Barcode | Date last seen | Price effective from | Koha item type |
|---|---|---|---|---|---|---|---|---|---|---|---|---|---|
| Biblioteca Prof. Eusebio Cleto del Rey | Biblioteca Prof. Eusebio Cleto del Rey | 07/04/2026 | 342.7 A288e | L127108 | 07/04/2026 | 07/04/2026 | Libro |